000 00988nam a2200265 a 4500
001 BRCA_8970
003 FranzMayer
005 20230724120248.0
008 060717m17851800sp-#######---#000-0#spa-#
040 _aMFM
_besp
_cMFM
041 _aspa
044 _asp
084 _aLM3
_b.M37 1785
100 1 _aMasdeu, Juan Francisco de
_d1744 - 1817
_922275
245 1 0 _aHistoria critica de España, y de la cultura española en todo genero
_cescrita en italiano por D. Juan Francisco de Masdeu, barcelones; traducida al español...
260 _aMadrid
_bPor Don Antonio de Sancha
_c[1785-1800]
300 _a14 v.
_c21.1 x 15 cm
500 _aEn portada: Se hallará en su Librería en la Aduana vieja
500 _aCon las licencias necesarias
500 _aEstado físico: presenta encuadernación en pergamino
650 1 4 _aCivilización
_yObras anteriores a 1800
_zEspaña
_922276
651 4 _aEspaña
_xHistoria
_yObras anteriores a 1800
_922277
902 _aCFM
942 _2lcc
_cB
999 _c8621
_d8621